Statistics for Countries, US States, Capitals, Elements: similar answers

Click here to take the quiz!

General Stats

  • This quiz has been taken 56 times
  • The average score is 8 of 26

Answer Stats

ANSWER% Correct
Georgia
81%
Luxembourg
59%
Monaco
59%
Vatican City
59%
Singapore
57%
San Marino
54%
Panama
46%
Djibouti
43%
Gambia
38%
Manama
38%
Zambia
35%
Iceland
24%
Ireland
24%
There
24%
These
24%
Erbium
19%
Terbium
19%
Kingston
14%
Kingstown
14%
Cerium
11%
Could
11%
Would
11%
Cesium
8%
Colombia
5%
Columbia
5%
Curium
5%

Score Distribution

Percentile by Number Answered

Percent of People with Each Score

Your Score History

You have not taken this quiz